Financie na výstavbu nového Kuvajtu.
Úvahy o tom, z akých zdrojov mieni Kuvajt hradiť obnovu krajiny. Tri reálne možnosti financovania a ich dôsledky pre celosvetovú ekonomiku. Prehľad najvýznamnejších kuvajtských holdingových spoločností.
Na minha lista:
| Autor principal: | |
|---|---|
| Formato: | Capítulo de Livro |
| Idioma: | eslovaco |
| Assuntos: | |
| Tags: |
Sem tags, seja o primeiro a adicionar uma tag!
|
MARC
| LEADER | 00000naa a2200000 4500 | ||
|---|---|---|---|
| 001 | r005428 | ||
| 005 | 20221125090447.2 | ||
| 041 | 0 | |a slo | |
| 044 | |a CZ | ||
| 245 | 1 | 0 | |a Financie na výstavbu nového Kuvajtu. |c Peter Baláž |
| 520 | |a Úvahy o tom, z akých zdrojov mieni Kuvajt hradiť obnovu krajiny. Tri reálne možnosti financovania a ich dôsledky pre celosvetovú ekonomiku. Prehľad najvýznamnejších kuvajtských holdingových spoločností. | ||
| 610 | 2 | 0 | |a Kuvajt |
| 610 | 2 | 0 | |a investície obnovovacie |
| 610 | 2 | 0 | |a financovanie |
| 610 | 2 | 0 | |a zdroje finančné |
| 610 | 2 | 0 | |a vojny |
| 610 | 2 | 0 | |a hospodárstvo svetové |
| 610 | 2 | 0 | |a spoločnosti holdingové |
| 100 | 1 | |a Baláž, Peter | |